00417nam a2200157Ia 4500008004100000082001000041100003300051245001500084250000600099260005100105300000700156600003300163630001500196700003300211730001500244090124s9999 xx 000 0 und d b22940 aदेवधर स. कृ. a उमज a0 bप्रसाद प्रकाशनc1985 a91 aदेवधर स. कृ. a उमज aदेवधर स. कृ. a उमज